| Tag |
First Indicator |
Second Indicator |
Subfields |
| LEADER |
00000cam a2200000 a 4500 |
| 001 |
in00000495513 |
| 005 |
20151013070135.0 |
| 008 |
750212s1974 sp b 00010 spam |
| 010 |
|
|
|a 74351180
|
| 015 |
|
|
|a Sp***
|
| 020 |
|
|
|a 8470051636
|
| 035 |
|
|
|a (OCoLC)01168242
|
| 035 |
|
|
|9 ACE0012AM
|
| 040 |
|
|
|a DLC
|c OSU
|d SER
|d TXA
|d UtOrBLW
|
| 049 |
|
|
|a TXAM
|c [1003102]
|
| 050 |
0 |
0 |
|a PQ6388.D23
|b H4
|
| 100 |
1 |
|
|a Hernandez Ortiz, Jose A.
|
| 245 |
1 |
3 |
|a La genesis artistica de La lozana andaluza ;
|b el realismo literario de Francisco Delicado /
|c Jose A. Hernandez Ortiz ; Prologo de Juan Goytisolo.
|
| 264 |
|
1 |
|a Madrid :
|b R. Aguilera,
|c [1974?]
|
| 300 |
|
|
|a 211 pages ;
|c 18 cm.
|
| 336 |
|
|
|a text
|b txt
|2 rdacontent
|
| 337 |
|
|
|a unmediated
|b n
|2 rdamedia
|
| 338 |
|
|
|a volume
|b nc
|2 rdacarrier
|
| 490 |
0 |
|
|a Coleccion Orbe ;
|v 16
|
| 504 |
|
|
|a Bibliography: pages [194]-208.
|
| 600 |
1 |
0 |
|a Delicado, Francisco,
|d active 16th century.
|t Retrato de la Loçana andaluza.
|
| 999 |
|
|
|a MARS
|
| 999 |
f |
f |
|s 2fb844d5-cc65-32c0-bb7c-1bbd512aea96
|i 99285f1a-631e-3fea-a334-29023c4cd60b
|t 0
|
| 952 |
f |
f |
|p ric
|a Texas A&M University
|b Rellis Campus
|c Joint Library Facility
|d Remote Storage
|t 0
|e PQ6388.D23 H4
|h Library of Congress classification
|i unmediated -- volume
|m A14807814449
|
| 998 |
f |
f |
|a PQ6388.D23 H4
|t 0
|l Remote Storage
|